Organization Development at Work: Conversations on the Values, Applications and Future of OD. (Record no. 5160)

MARC details
005 - DATE AND TIME OF LATEST TRANSACTION
control field 20250625173223.0
020 ## - INTERNATIONAL STANDARD BOOK NUMBER
International Standard Book Number 0-7879-6963-X
082 ## - DEWEY DECIMAL CLASSIFICATION NUMBER
Classification number 658.406 WHE
100 ## - MAIN ENTRY--PERSONAL NAME
Author name WHEATLEY, M.
245 ## - TITLE STATEMENT
Title Organization Development at Work: Conversations on the Values, Applications and Future of OD.
260 ## - PUBLICATION, DISTRIBUTION, ETC.
Place of publication, distribution, etc. London,
Name of publisher, distributor, etc. John Wiley & Sons,
Date of publication, distribution, etc. 2003.
300 ## - PHYSICAL DESCRIPTION
Extent xxii, 194p.: ill.;
Other physical details Index
Dimensions 25cm
700 ## - ADDED ENTRY--PERSONAL NAME
Other authors/Editors TANNENBAUM, R. [...et al...]
942 ## - ADDED ENTRY ELEMENTS (KOHA)
Source of classification or shelving scheme Dewey Decimal Classification
Koha item type Books
Holdings
Date last seen Total checkouts Full call number Barcode Cost, replacement price Price effective from Koha item type Lost status Source of classification or shelving scheme Damaged status Not for loan Withdrawn status Home library Current library Shelving location Date acquired Cost, normal purchase price
06/25/2025   658.406 WHE DOM0001595 60000.00 06/25/2025 Books   Dewey Decimal Classification       CBE Dodoma CBE Dodoma General Collection 04/12/2005 20000.00
06/27/2025   658.406 ORG DOM0001510 60000.00 06/27/2025 Books   Dewey Decimal Classification       CBE Dodoma CBE Dodoma General Collection 04/12/2005 20000.00
06/27/2025   658.406 WHE DOM0001477 60000.00 06/27/2025 Books   Dewey Decimal Classification       CBE Dodoma CBE Dodoma General Collection 04/12/2005 20000.00